Welcome to the Holygrace Academy Library

Please use search bar below to get started

60GAMES AND APPLICATIONS FOR THE ZX SPECTRUM (Record no. 1634)

MARC details
000 -LEADER
fixed length control field 00330nam a22001337a 4500
020 ## - INTERNATIONAL STANDARD BOOK NUMBER
ISBN 0-907563-17-1
082 ## - DEWEY DECIMAL CLASSIFICATION NUMBER
Classification number 004
Item number HAR/S
100 ## - MAIN ENTRY--AUTHOR NAME
Personal name HAR/S
245 ## - TITLE STATEMENT
Title 60GAMES AND APPLICATIONS FOR THE ZX SPECTRUM
260 ## - PUBLICATION, DISTRIBUTION, ETC. (IMPRINT)
Place of publication LONDON
Name of publisher INTERFACE PUBLICATIONS
Year of publication 1984
300 ## - PHYSICAL DESCRIPTION
Number of Pages 90
650 ## - SUBJECT ADDED ENTRY--TOPICAL TERM
Topical Term INFORMATION TECHNOLOGY
Geographic subdivision INDIA
942 ## - ADDED ENTRY ELEMENTS (KOHA)
Koha item type Books
Holdings
Withdrawn status Lost status Collection code Home library Current library Shelving location Date acquired Source of acquisition Full call number Accession Number Koha item type
    Reference Main Library Main Library SHELF-5- I - REFERENCE ECONOMICS COMPUTER SCIENCE 12/09/2023 purchase 004 HAR/S 00945 Books